000 00574cam a22002053a 4500
001 38635
003 PGUSA
005 20140828083842.0
008 120121s2012||||xxu|||||s|||||000 | eng d
040 _aPGUSA
_beng
042 _adc
100 1 _aBindloss, Harold,
_d1866-1945
245 1 0 _aDelilah of the Snows
_h[electronic resource] /
_cHarold Bindloss
260 _bProject Gutenberg,
_c2012
506 _aPublic domain in the USA.
516 _aElectronic text
830 0 _aProject Gutenberg
_v38635
856 4 0 _uhttp://www.gutenberg.org/ebooks/38635
942 _cEB
999 _c267889
_d267889